Radio wave propagation : (Record no. 3985)
[ view plain ]
| 000 -LEADER | |
|---|---|
| fixed length control field | 00976nac a22002171u 4500 |
| 010 ## - LIBRARY OF CONGRESS CONTROL NUMBER | |
| LC control number | 00028962 |
| 020 ## - INTERNATIONAL STANDARD BOOK NUMBER | |
| International Standard Book Number | 047149027X (alk. paper) |
| 082 00 - DEWEY DECIMAL CLASSIFICATION NUMBER | |
| Classification number | 621.38411 |
| Item number | L3997 |
| 090 ## - LOCALLY ASSIGNED LC-TYPE CALL NUMBER (OCLC); LOCAL CALL NUMBER (OCLC) | |
| -- | 3985 |
| -- | 3985 |
| 100 ## - MAIN ENTRY--PERSONAL NAME | |
| Personal name | Lavergnat, Jacques. |
| 245 10 - TITLE STATEMENT | |
| Title | Radio wave propagation : |
| Remainder of title | principles and techniques / |
| Statement of responsibility, etc | Jacques Lavergnat, Michel Sylvain ; translated by John C.C. Nelson. |
| 260 ## - PUBLICATION, DISTRIBUTION, ETC. (IMPRINT) | |
| Place of publication, distribution, etc | Chichester ; |
| -- | New York : |
| Name of publisher, distributor, etc | John Wiley,2000 |
| Date of publication, distribution, etc | 2000. |
| 300 ## - PHYSICAL DESCRIPTION | |
| Extent | xii, 292 p. : |
| Other physical details | ill. ; |
| Dimensions | 24 cm. |
| 504 ## - BIBLIOGRAPHY, ETC. NOTE | |
| Bibliography, etc | Includes bibliographical references and index. |
| 650 #0 - SUBJECT ADDED ENTRY--TOPICAL TERM | |
| Topical term or geographic name as entry element | Radio wave propagation. |
| 700 1# - ADDED ENTRY--PERSONAL NAME | |
| Personal name | Sylvain, Michel. |
| 856 42 - ELECTRONIC LOCATION AND ACCESS | |
| Materials specified | Publisher description |
| Uniform Resource Identifier | <a href="http://www.loc.gov/catdir/description/wiley035/00028962.html">http://www.loc.gov/catdir/description/wiley035/00028962.html</a> |
| 856 42 - ELECTRONIC LOCATION AND ACCESS | |
| Materials specified | Table of Contents |
| Uniform Resource Identifier | <a href="http://www.loc.gov/catdir/toc/onix07/00028962.html">http://www.loc.gov/catdir/toc/onix07/00028962.html</a> |
| 942 ## - ADDED ENTRY ELEMENTS (KOHA) | |
| Item type | Book - Borrowing |
| Call number prefix | 621.38411L3997 |
| Withdrawn status | Item status | Damaged status | Not for loan | Home library | Current library | Shelving location | Date acquired | Source of acquisition | Total Checkouts | Total Renewals | Full call number | Barcode | Date last seen | Date last borrowed | Koha item type |
|---|---|---|---|---|---|---|---|---|---|---|---|---|---|---|---|
| Central Library | Central Library | First floor | 07/08/2014 | Purchase | 1 | 1 | 621.38411 LAV | 000005077 | 15/07/2025 | 29/10/2016 | Book - Borrowing |